000 00563nam a22001937a 4500
003 KOHA_MİRAKIL
005 20251218114604.0
008 251218b tu ||||| |||| 00| 0 tur d
020 _a9786059592925
040 _aTR-AnABB
_btur
_cTR-AnABB
041 _atur
082 _a378.107
_bVAR 2022
100 1 _aVardar, Öktem,
245 1 0 _aYükseköğretimde kurumsal akreditasyon /
_cÖktem Vardar
260 _aAnkara :
_bTürk Eğitim Derneği Yayınları,
_c2022
300 _a272 sayfa ;
_c24 cm
650 0 4 _aYükseköğretim
942 _2ddc
_cBK
999 _c9773
_d9773
900 _bGizem YORULMAZ